|
|
|
|
| LEADER |
00968nam a2200241 a 4500 |
| 001 |
4845 |
| 003 |
BD-DhAAL |
| 008 |
090430s1991 ii b 000 0 eng d |
| 999 |
|
|
|c 325
|d 325
|
| 010 |
|
|
|a 92-900163
|
| 040 |
|
|
|a DNLM
|c DNLM
|d BD-DhAAL
|
| 082 |
0 |
0 |
|a 613.83
|2 19
|
| 245 |
1 |
0 |
|a Understanding the drug addicts :
|b some psychological studies /
|c edited by Hamida Akhtar Begum.
|
| 260 |
|
|
|a Dhaka :
|b Centre for Psycho-Social Research and Training,
|c 1991.
|
| 300 |
|
|
|a iv, 77 pages
|
| 504 |
|
|
|a Includes bibliographical references.
|
| 541 |
1 |
|
|e 7061
|
| 650 |
|
0 |
|a Substance-Related Disorders
|x psychology
|9 41683
|
| 650 |
|
0 |
|a Socioeconomic Factors
|9 41684
|
| 700 |
1 |
|
|a Hamida Akhatar Begam,
|d 1941-
|9 41685
|
| 852 |
4 |
|
|a Ayesha Abed Library
|j General Stacks
|
| 942 |
|
|
|2 ddc
|c BK
|
| 952 |
|
|
|0 0
|1 0
|2 ddc
|4 0
|6 613_830000000000000_UND_1991
|7 0
|8 NFIC
|9 10284
|a BRACUL
|b BRACUL
|c GEN
|d 2010-05-17
|g 0.00
|l 0
|o 613.83 UND
|p 3010004845
|r 2010-05-17
|t 2
|w 2010-05-17
|y BK
|z Not price in Register
|